书目信息 |
| 题名: |
21世纪的绿色交通工具:电动车
|
|
| 作者: | 陈清泉 , 詹宜巨 著 | |
| 分册: | ||
| 出版信息: | 广州 暨南大学出版社 2000.06 |
|
| 页数: | 185页 | |
| 开本: | 32开 | |
| 丛书名: | ||
| 单 册: | ||
| 中图分类: | U482-49 | |
| 科图分类: | ||
| 主题词: | 道路--运输--工具 | |
| 电子资源: | ||
| ISBN: | 7-81029-938-7 | |
| 000 | 00636nam0 2200205 45 | |
| 001 | 0010271184 | |
| 005 | 20001202173803.3 | |
| 010 | @a7-81029-938-7@d15.00元 | |
| 100 | @a20001027d2000 km y0chiy0120 ea | |
| 101 | 0 | @achi |
| 105 | @a z 000yy | |
| 200 | 1 | @a21世纪的绿色交通工具:电动车@A21 Shi Ji De Lu Se Jiao Tong Gong Ju:Dian Dong Che@f陈清泉,詹宜巨著@FChen Qing Quan,Zhan Yi Ju Zhu |
| 210 | @a广州@c暨南大学出版社@d2000.06 | |
| 215 | @a185页@d32开 | |
| 606 | 0 | @a道路@x运输@x工具 |
| 690 | @aU482-49@v3 | |
| 701 | 0 | @a陈清泉@4著 |
| 701 | 0 | @a詹宜巨@4著 |
| 801 | @aCN@bPftUser@c20001027 | |
| 905 | @dU482-49@eCH688@b510659-661@f3 | |
| 21世纪的绿色交通工具:电动车/陈清泉,詹宜巨著.-广州:暨南大学出版社,2000.06 |
| 185页;32开 |
| ISBN 7-81029-938-7:15.00元 |
| ● |
| 相关链接 |
|
|
|
正题名:21世纪的绿色交通工具:电动车
索取号:U482-49/CH688
 
预约/预借
| 序号 | 登录号 | 条形码 | 馆藏地/架位号 | 状态 | 备注 |
| 1 | 510659 | 205106598 | 自科二线504/504自科库 32排1列4层/ [索取号:U482-49/CH688] | 在馆 | |
| 2 | 510660 | 205106605 | 自科二线504/504自科库 32排1列4层/ [索取号:U482-49/CH688] | 在馆 | |
| 3 | 510661 | 205106614 | 自科二线504/504自科库 32排1列4层/ [索取号:U482-49/CH688] | 在馆 |